000 00674nam a22001457a 4500
020 _a978-93-83305-90-2
082 _a581.13
_bBHA
100 _aBHATTACHARYA (Amitav)
_aVIJAYLAXMI
245 _aBiochemical aspects of plant physiology: Technology and methodology
260 _aNew Delhi
_bNew India Publishing Agency
_c2016
300 _a588p.
500 _aPurchased from M/s Satish Serial Publications, Delhi Inv No SSP:2021-22/515 dated 17.03.2022 for Rs 4,239.00 for 2 books
650 _aPolymerase Chain reaction
_aRadio tracer technique
_acarbon assimilation
_aNitrogen assimilation
_aPlant nutrition
_aPlant growth hormones
_aPlant vitamines
_aPlant pigments
942 _cBK
999 _c74663
_d74663